000 00189 a2200085 4500
020 _a9780262516747
100 _a Graham Pullin
245 _aDesign Meets Disability
260 _bMIT Press
_c2011
999 _c13338
_d13338